Score 0/41 Timer 07:00
4 Plays Today
% Correct
Batmobile
94%
Thomas the
Tank Engine
93.4%
Magic School Bus
91.9%
Hellbike
90.9%
A-Team Van
90.2%
Lightning McQueen
90.1%
Hogwarts Express
89.7%
Death Star
88.2%
Herbie
87.8%
Mystery Machine
86.6%
DeLorean DMC-12
86.1%
Bumblebee
84.7%
Millennium Falcon
84.6%
AT-AT Walker
83.7%
Howl’s
Moving Castle
82.1%
Footmobile
80.4%
Compact Pussycat
80.2%
TARDIS
79.5%
Optimus Prime
78.7%
KITT
78.4%
General Lee
77.4%
% Correct
USS Voyager
74.9%
USS Enterprise
74%
Chitty Chitty
Bang Bang
71.9%
Speed Buggy
71.3%
X-34 Landspeeder
71.4%
Bluesmobile
69.9%
Shaguar
67.6%
Thundertank
67.5%
Ecto-1
67.2%
Nautilus
66.4%
Shag'n Wag'n
64.4%
Fillmore
63.9%
Starbug
62.2%
Mach 5
59.7%
Serenity
58.9%
Battlestar
Galactica (BS-75)
57.8%
Planet Express ship
55.3%
Aerocar
53.9%
DRAG-U-LA
51%
Homer
41.8%
Remove Ads.
Support Sporcle.
Get the best of Sporcle when you Go Orange. This ad-free experience offers more features, more stats, and more fun while also helping to support Sporcle. Thank you for becoming a member.

You're not logged in!

Compare scores with friends on all Sporcle quizzes.
OR
Log In

Show Comments

Extras

Top Quizzes Today


Score Distribution

Your Account Isn't Verified!

In order to create a playlist on Sporcle, you need to verify the email address you used during registration. Go to your Sporcle Settings to finish the process.

Report this User

Report this user for behavior that violates our Community Guidelines.

Details: